00510nam a2200133Ia 4500008004100000100001900041245007500060245009200135260005300227260000900280300001100289650001500300856006100315170221s9999 xx 000 0 und d aChee-Ling Chin aCandlestick Charting and Trading Volume: Evidence from Bursa Malaysia  cChee-Ling Chin, Mohamad Jais, Sophee Sulong Balia, Ayoib Che Ahmad, Azlan Zainol Abidin bInternational Review of Management and Marketing c2016 a6 : 8S xMarketing. uhttp://www.econjournals.com/index.php/irmm/issue/view/97